女性の割合が高い市町村 - Statistics

General Stats
  • This quiz has been taken 10 times
  • The average score is 51 of 100
Answer Stats
人口性比 Answer % Correct
81.0 山口県阿武郡 阿武町
89%
81.2 北海道松前郡 松前町
89%
78.7 和歌山県東牟婁郡 太地町
78%
80.9 兵庫県 芦屋市
67%
82.2 静岡県 熱海市
67%
82.4 北海道 三笠市
67%
82.6 青森県 五所川原市
67%
82.8 和歌山県東牟婁郡 北山村
67%
83.5 鳥取県日野郡 日野町
67%
84.1 北海道上磯郡 木古内町
67%
84.4 兵庫県 宝塚市
67%
84.8 長野県木曽郡 木祖村
67%
84.8 石川県 珠洲市
67%
84.8 北海道 芦別市
67%
84.9 北海道夕張郡 栗山町
67%
85.0 奈良県宇陀郡 曽爾村
67%
85.8 三重県南牟婁郡 紀宝町
67%
86.0 大阪府泉南郡 岬町
67%
86.0 青森県西津軽郡 深浦町
67%
86.2 山口県熊毛郡 上関町
67%
86.4 北海道余市郡 余市町
67%
82.6 北海道 赤平市
56%
83.3 北海道増毛郡 増毛町
56%
83.7 和歌山県東牟婁郡 古座川町
56%
83.7 福岡県 田川市
56%
83.8 奈良県吉野郡 吉野町
56%
84.6 鹿児島県 枕崎市
56%
84.6 熊本県八代郡 氷川町
56%
84.6 青森県西津軽郡 鰺ヶ沢町
56%
84.8 青森県北津軽郡 中泊町
56%
85.0 鹿児島県 南さつま市
56%
85.3 三重県 志摩市
56%
85.5 長崎県 長崎市
56%
85.5 北海道 夕張市
56%
85.7 熊本県球磨郡 水上村
56%
85.7 山口県大島郡 周防大島町
56%
85.7 北海道 砂川市
56%
85.7 奈良県 御所市
56%
85.8 熊本県 人吉市
56%
85.8 山口県 萩市
56%
85.8 佐賀県西松浦郡 有田町
56%
85.9 和歌山県東牟婁郡 那智勝浦町
56%
85.9 大分県 佐伯市
56%
85.9 和歌山県伊都郡 九度山町
56%
85.9 熊本県球磨郡 あさぎり町
56%
86.0 北海道 伊達市
56%
86.0 山口県 長門市
56%
86.1 三重県 熊野市
56%
86.1 北海道松前郡 福島町
56%
86.1 三重県北牟婁郡 紀北町
56%
86.2 北海道虻田郡 洞爺湖町
56%
86.2 青森県南津軽郡 藤崎町
56%
86.3 鹿児島県 伊佐市
56%
86.4 岩手県和賀郡 西和賀町
56%
86.4 三重県度会郡 南伊勢町
56%
86.5 北海道 北斗市
56%
82.0 北海道 小樽市
44%
83.1 秋田県南秋田郡 八郎潟町
44%
83.3 大分県 別府市
44%
83.9 北海道檜山郡 上ノ国町
44%
84.2 福岡県朝倉郡 東峰村
44%
84.2 福岡県田川郡 糸田町
44%
84.2 青森県北津軽郡 板柳町
44%
84.5 北海道亀田郡 七飯町
44%
84.7 青森県 弘前市
44%
84.8 秋田県 能代市
44%
84.8 北海道樺戸郡 新十津川町
44%
85.1 和歌山県海草郡 紀美野町
44%
85.3 北海道雨竜郡 秩父別町
44%
85.4 長崎県北松浦郡 小値賀町
44%
85.5 愛媛県北宇和郡 鬼北町
44%
85.6 高知県安芸郡 奈半利町
44%
85.7 北海道常呂郡 置戸町
44%
85.8 北海道 旭川市
44%
86.0 福岡県 嘉麻市
44%
86.2 鹿児島県 垂水市
44%
86.2 青森県 黒石市
44%
86.2 長崎県 南島原市
44%
86.4 高知県高岡郡 中土佐町
44%
86.4 鹿児島県 いちき串木野市
44%
86.4 徳島県海部郡 牟岐町
44%
86.4 秋田県 仙北市
44%
82.4 福岡県田川郡 大任町
33%
82.5 北海道爾志郡 乙部町
33%
83.1 北海道 函館市
33%
83.2 青森県 大鰐町
33%
83.4 北海道空知郡 上砂川町
33%
84.4 群馬県利根郡 川場村
33%
85.1 宮崎県児湯郡 木城町
33%
85.1 長野県下伊那郡 売木村
33%
85.2 青森県北津軽郡 鶴田町
33%
85.4 福岡県 大牟田市
33%
85.6 秋田県山本郡 三種町
33%
85.6 佐賀県杵島郡 大町町
33%
86.3 熊本県 水俣市
33%
83.8 福岡県田川郡 川崎町
22%
85.1 北海道古宇郡 神恵内村
22%
85.4 高知県高岡郡 越知町
22%
85.5 北海道上川郡 当麻町
22%
86.1 熊本県球磨郡 山江村
22%
No matching quizzes found
Score Distribution
Percent of People with Each Score
Percentile by Number Answered
Your Score History
You have not taken this quiz